Estadísticas para Marcas de autos #5

Haz click aquí para intentar la prueba.

Estadísticas generales

  • Esta prueba ha sido intentada 96 veces
  • La puntuación promedio es 6 de 7

Respuestas en el mapa

Las respuestas están codificadas por una escala verde-roja en el mapa de la prueba según el % correcto abajo.
 

Estadísticas de respuestas

Respuesta% Correcto
Honda
97%
Lamborghini
93%
Aston Martin
92%
Daewoo
92%
Volvo
92%
Porsche
91%
Hummer
86%

Distribución de puntuación

Porcentaje por número respondido

Porcentaje de gente con cada puntuación

Historial de tus puntuaciones

No has intentado esta prueba.